Cyclisme - Vainqueur World Tour par équipes - Statistiques

Statistiques générales
  • Ce quiz a été pris 63 fois
  • Le résultat moyen est 7 sur 21
Statistiques - réponses
Nombre de Victoires Equipe % Correct
38 Jumbo Visma
95%
2 Groupama FDJ
69%
28 UAE Team Emirates
64%
4 Cofidis
56%
23 Soudal Quick Step
55%
9 Ineos Grenadiers
42%
7 Bora Hansgrohe
38%
17 Alpecin Deceuninck
35%
4 EF Education EasyPost
31%
8 Lidl Trek
29%
3 Ag2r Citroen Team
24%
1 Israel Premier Tech
24%
2 Lotto Dstny
22%
3 Movistar Team
22%
1 TotalEnergies
22%
12 Bahrain Victorious
20%
5 Team dsm firmenich
16%
4 Team Jayco AlUla
13%
1 EOLO Kometa
11%
4 Intermarché Circus Wanty
11%
1 Astana Qazaqstan Team
9%
Aucun quiz correspondant
Distribution des résultats
% des personnes avec chaque résultat
Percentile par nombre de réponses
Votre historique - résultats
Vous n’avez pas pris ce quiz